Kousek nebe

Podrobná bibliografia
Médium: Článok
Jazyk:slovenčina
Fyzický popis:Fotogr.
ISSN:1336-4650
Predmet:

MARC

LEADER 00000nab a2200000 ar4500
001 vtls008409131
003 SK-MaSNL
005 20260303070123.0
008 051111c2005 xo wr|p|||||||000 b|slo
015 |a SNBRB2005/11  |2 snkbucl 
038 |a SNKBUCL 
040 |a SNKBUCL  |b slo  |c SNKBUCL  |e AACR2 
041 0 |a slo 
044 |a xo  |c SK 
080 |a 791.43  |x (437.1/.2)  |2 1981 
245 0 0 |a Kousek nebe  |c [autor] (th) 
300 |b Fotogr. 
630 0 7 |a Kousek nebe (film)  |2 snkbucl  |9 1067102 
650 0 7 |a české filmy  |2 snkbucl  |9 429910 
773 0 |t Live  |g Roč. II., č. 4 (2005), s. 52-53  |x 1336-4650 
852 |a SNK  |b KIS3GCP 
958 |a CZ 
999 |c 1754025  |d 1755955